Крипта (Запис номер 348779)
[ съкратено ]
| 000 -Лидер | |
|---|---|
| Контролно поле с фиксирана дължина | 01325nam a2200253 a 4500 |
| 003 - Код на организацията, давaща контролен номер | |
| Контролно поле | BLK |
| 005 - Дата и час на последна редакция | |
| Контролно поле | 20240228135454.0 |
| 008 - Елементи от данни с фиксирана дължина | |
| fixed length control field | 200225b bu ||||| |||| 00| 0 bu d |
| 020 ## - Международен стандартен номер на книга ISBN | |
| Международен стандартен номер на книга ISBN | 9789540913629 |
| 040 ## - Източник на каталожния запис | |
| Идентификатор на билиотеката - собственик на записа | BLK |
| 041 ## - Код за език | |
| Код за езика на текст/звукозапис или на отделно заглавие | Български |
| Код за езика КДБФ | Български |
| 080 ## - УДК | |
| Текстов определител УДК | Българска литература |
| УДК код - определител по УДК | 821.163.2 |
| УДК определител | -1 |
| УДК - код + определител | 821.163.2-1 |
| 100 1# - Редна дума - Автор | |
| Автор | Гранитски, Иван |
| Пълна форма на името | Димитров, Иван Йорданов |
| Дати, свързани с автора | 1953- |
| Автор - информация (биография) | Журналист, литературен критик, теоретик и историк, поет, публицист и издател. |
| R(LIN) | 55767 |
| 139 ## - Редно поле | |
| Редна дума | Гранитски, Иван |
| Авторски знак | Гран - Г 77 |
| 245 ## - Сведения за заглавието | |
| Заглавие | Крипта |
| Редно поле (дума) | Иван Гранитски ; худож. Свилен Блажев |
| Подзаглавни данни | Поезия |
| 260 ## - Област на издателските данни | |
| 9 (RLIN) | 209473 |
| Място на издаване, разпространение и проч. | София |
| Име на издателя, разпространителя и проч. | Захарий Стоянов |
| Година на издаване | 2019 |
| Печатница | София : Миг принт |
| 300 ## - Физическа характеристика | |
| Страници | 80 с. |
| Илюстрации и др. | с цв. ил. |
| Размери/Мащаб | 22 см |
| 380 ## - Жанр | |
| Жанр | Худож. лит. |
| 500 ## - Общи забележки | |
| Забележка | Иван Гранитски - псевд. на авт. Иван Йорданов Димитров; <br/>Пластичните прозрения на Свилен Блажев / Иван Гранитски: с. 73-77. |
| 700 ## - Други автори (авторска отговорност) | |
| 9 (RLIN) | 1637 |
| Лично име | Блажев, Свилен Манолов |
| Автороска отговорност (Описва отношението между автора и произведението) | худож. |
| 999 ## - СИСТЕМНИ КОНТРОЛНИ НОМЕРА | |
| Koha biblionumber | 348779 |
| Koha biblioitemnumber | 348779 |
| 942 ## - АРТИКУЛИ | |
| Вид на библиотечния материал | Книги |
| Скрит в OPAC | Не |
| Периодичен библиозапис | Да |
| 944 ## - СЪЗДАВАНЕ И РЕДАКЦИЯ на ЗАПИСА | |
| Създаване/Редакция | Създаване |
| Дата на регистрацията/редакция | 2020-02-25 |
| Служител, извършил регистрацията/редакцията | 30560 |
| Статус, дата на статуса | Геновева Генчева |
| 999 ## - СИСТЕМНИ КОНТРОЛНИ НОМЕРА | |
| Koha biblioitemnumber | 348779 |
| Код за отписване | Код за изгубен артикул | Източник на класификационната схема | Код за повреда | Коз за рестрикции | Код за отдаване | Артикулен № | Име на библиотеката - собственик | Име на библиотеката, в която се намира в момента | Статус (Текущо местоположение) | Дата на вписване в системата | Местоположение - отдел | Цена в лева | Систематично азбучна сигнатура | Баркод | Цена в евро | Служебен тип на артикула |
|---|---|---|---|---|---|---|---|---|---|---|---|---|---|---|---|---|
| Не е изгубен | Universal Decimal Classification | Не е повреден | само за читалня | ползва се в читалня | 756454 | Регионална библиотека "Любен Каравелов" Русе | Регионална библиотека "Любен Каравелов" Русе | Хранилище | 2020-03-20 | Хранилище | 15.00 | Цб 298925 | 120000843286 | 7.67 | Книги | |
| Не е изгубен | Universal Decimal Classification | Не е повреден | без рестрикции | заемане за дома | 799054 | Регионална библиотека "Любен Каравелов" Русе | Регионална библиотека "Любен Каравелов" Русе | Заемна - подръчен фонд | 2020-09-16 | Заемна - подръчен фонд | 10.50 | 821.163.2-1/Г 77 И | 120000846416 | 5.37 | Книги | |
| Не е изгубен | Universal Decimal Classification | Не е повреден | без рестрикции | заемане за дома | 799055 | Регионална библиотека "Любен Каравелов" Русе | Регионална библиотека "Любен Каравелов" Русе | Заемна - подръчен фонд | 2020-09-16 | Заемна - подръчен фонд | 10.50 | 821.163.2-1/Г 77 И | 120000846415 | 5.37 | Книги |